[Event "Lansing (MOR/4/26)"]
[Site "?"]
[Date "1996.??.??"]
[Round "?"]
[White "Sobh, Tarek"]
[Black "Iyer, Krishnan"]
[Result "1/2-1/2"]
[WhiteElo "1605"]
[BlackElo "1605"]
[PlyCount "168"]
[EventDate "1996.??.??"]

{4/(26)} 1. e4 c5 2. Bc4 Nc6 3. Nf3 e6 4. d3 a6 5. a3 d6 6. Nc3 Qc7 7. Be3 Be7
8. Ne2 Nf6 9. Ng3 b5 10. Ba2 Bb7 11. c4 Ne5 12. Nxe5 dxe5 13. O-O O-O 14. h4
Rfd8 15. f3 Rd7 16. b3 Rad8 17. Bb1 bxc4 18. bxc4 Ne8 19. Bg5 Nd6 20. Qe2 f5
21. Bc2 Bxg5 22. hxg5 f4 23. Nh5 Nf7 24. Kf2 Qd6 25. g3 Nxg5 26. g4 Rf8 27. Ng3
fxg3+ 28. Kxg3 Rdf7 29. Rf2 Qe7 30. Raf1 h6 31. Bd1 Nh7 32. Qe3 Rf4 33. Be2
R8f6 34. Rh1 Bc6 35. Qd2 Qc7 36. Qb2 Rf8 37. Rh5 Ng5 38. Qc1 Be8 39. Rh1 Nf7
40. Qa1 Nd8 41. a4 Nc6 42. Rh4 Nb4 43. a5 Nc6 44. Qh1 Nd4 45. Bd1 Qd8 46. Rh3
Bd7 47. Rfh2 R8f6 48. g5 Rg6 49. Kf2 Qxg5 50. Be2 Qf6 51. Qb1 Qd8 52. Qb7 Qc8
53. Qb6 Qc6 54. Qd8+ Rf8 55. Qe7 Rgf6 56. Rg3 R8f7 57. Qd8+ Kh7 58. Rh1 Rf8 59.
Qe7 R8f7 60. Qd8 Qb7 61. Re1 Nc6 62. Qb6 Qxb6 63. axb6 Bc8 64. Rb1 Nb4 65. Ra1
Rb7 66. Ra5 Rxb6 67. Rxc5 Nc6 68. Bd1 Bb7 69. Ke3 g5 70. Ba4 Kg6 71. Bxc6 Bxc6
72. Rxe5 Bd7 73. Ra5 Kf7 74. Rg1 Ke7 75. Rg3 Bc8 76. Rg1 Rc6 77. Rc1 Kd8 78.
Rb1 Rc7 79. Rb8 Kd7 80. Rb6 Ke7 81. Rb1 Kf8 82. Rb8 Kg7 83. Rb1 Rcf7 84. Rf1
Kg6 1/2-1/2

[Event "Detroit (Beg/5/10)"]
[Site "?"]
[Date "1996.??.??"]
[Round "?"]
[White "Sobh, Tarek"]
[Black "Crist, Kevin"]
[Result "1/2-1/2"]
[WhiteElo "1605"]
[BlackElo "1605"]
[PlyCount "116"]
[EventDate "1996.??.??"]

{5/(10)} 1. e4 e6 2. d4 d5 3. e5 c5 4. Nf3 c4 5. b3 b5 6. a4 Bb4+ 7. Nbd2 Bd7
8. Be2 Bc3 9. Ra2 Nh6 10. Bb2 Bxb2 11. Rxb2 c3 12. Ra2 cxd2+ 13. Qxd2 bxa4 14.
bxa4 Nf5 15. O-O O-O 16. Bd3 Nc6 17. c3 Rc8 18. g4 Nfe7 19. Ng5 g6 20. Nh3 Na5
21. Qh6 f6 22. f4 Rf7 23. exf6 Nec6 24. Bxg6 Qxf6 25. Bxh7+ Rxh7 26. Qxf6 Rf8
27. Qg6+ Rg7 28. Qc2 Rxg4+ 29. Kh1 Rg7 30. Rg1 Rff7 31. Qd1 e5 32. dxe5 Nxe5
33. Rxg7+ Rxg7 34. Qxd5+ Kh8 35. Qxe5 Bc6+ 36. Rg2 Bxg2+ 37. Kg1 Bxh3+ 38. Kf2
Nc4 39. Qd4 Nb6 40. Qd8+ Kh7 41. Qh4+ Kg8 42. Qxh3 Nxa4 43. Qc8+ Kh7 44. f5 Nb6
45. Qe6 Nd7 46. c4 a5 47. f6 Nxf6 48. Qxf6 a4 49. Qc3 Rf7+ 50. Kg2 Kg8 51. c5
Ra7 52. c6 a3 53. Qc4+ Kh7 54. c7 Rxc7 55. Qxc7+ Kg6 56. Qa7 a2 57. Qd4 Kf5 58.
Qa1 Ke4 1/2-1/2

[Event "Detroit (WCO/1/26)"]
[Site "?"]
[Date "1996.??.??"]
[Round "?"]
[White "Sobh, S."]
[Black "Spencer, Tyrone"]
[Result "0-1"]
[WhiteElo "1605"]
[BlackElo "1605"]
[PlyCount "57"]
[EventDate "1996.??.??"]

{1/(26)} 1. e4 e5 2. Nf3 Nc6 3. Bb5 Nf6 4. Nc3 Bb4 5. Bxc6 bxc6 6. Nxe5 Qe7 7.
Ng4 Bxc3 8. Nxf6+ Bxf6 9. O-O Qxe4 10. Re1 d5 11. Rxe4+ dxe4 12. c3 O-O 13. Qa4
Bd7 14. Qxe4 Rfe8 15. d3 Rxe4 16. dxe4 Re8 17. Be3 Rxe4 18. Bxa7 Rg4 19. g3 Ra4
20. Be3 Ra5 21. a4 c5 22. c4 Bxa4 23. Bxc5 Bxb2 24. Rb1 Bc6 25. Kf1 Rxc5 26.
Rxb2 g5 27. Rb8+ Kg7 28. Rc8 Rxc4 29. Rxc7 0-1

[Event "Ann Arbor (Ann Arbor Open, U1400/1)"]
[Site "?"]
[Date "1996.??.??"]
[Round "?"]
[White "Sobh, S."]
[Black "Paul, Dennis"]
[Result "0-1"]
[WhiteElo "1605"]
[BlackElo "1605"]
[PlyCount "136"]
[EventDate "1996.??.??"]

{1400/(1)} 1. e4 e5 2. Bc4 Nf6 3. d3 Nc6 4. Nf3 Bb4+ 5. Bd2 Bc5 6. O-O O-O 7.
Bc3 Nd4 8. Nxe5 d5 9. exd5 Nxd5 10. Bxd5 Qxd5 11. Re1 Re8 12. Nc4 Rxe1+ 13.
Bxe1 b6 14. Nc3 Qf5 15. Ne4 Bb7 16. c3 Bxe4 17. dxe4 Qxe4 18. cxd4 Qxd4 19.
Qxd4 Bxd4 20. Rd1 Bc5 21. Rd7 Re8 22. Kf1 h6 23. Rxc7 a5 24. Bxa5 Rb8 25. Bc3
f6 26. Rc6 Rd8 27. Nxb6 Rd1+ 28. Ke2 Rd6 29. Rc8+ Kf7 30. Rxc5 Rxb6 31. a4 Ke6
32. a5 Ra6 33. Rb5 Kd7 34. Rb6 Ra7 35. Rb7+ Rxb7 36. b4 Kc6 37. Kd3 Kb5 38. Kc2
Rd7 39. h4 f5 40. g3 g5 41. h5 g4 42. Bd2 Rd6 43. Kc3 Rc6+ 44. Kd4 Rd6+ 45. Ke3
Kc4 46. a6 Rxa6 47. Kf4 Rd6 48. Be3 Rd5 49. Bc5 Kd3 50. Bf8 Rd4+ 51. Kxf5 Ke2
52. Bc5 Rc4 53. Kg6 Kf3 54. Kxh6 Re4 55. Kg7 Re5 56. h6 Rg5+ 57. Kf7 Rf5+ 58.
Kg8 Rg5+ 59. Kh8 Ke4 60. h7 Kf5 61. b5 Kf6 62. Be3 Rd5 63. Bb6 Kf7 64. Bc7 Rxb5
65. f4 gxf3 66. g4 f2 67. Bf4 f1=Q 68. g5 Qa1+ 0-1

[Event "Detroit (WCO/3/17)"]
[Site "?"]
[Date "1996.??.??"]
[Round "?"]
[White "Sobh, S."]
[Black "Midgett, E."]
[Result "1-0"]
[WhiteElo "1605"]
[BlackElo "1605"]
[PlyCount "78"]
[EventDate "1996.??.??"]

{3/(17)} 1. d4 Nc6 2. e4 g6 3. Be3 Bg7 4. Bd3 Nxd4 5. Nf3 Ne6 6. c3 f5 7. exf5
gxf5 8. Bxf5 b5 9. Bxe6 dxe6 10. Qxd8+ Kxd8 11. O-O Nf6 12. Ng5 Nd5 13. Nf7+
Ke8 14. Nxh8 Bxh8 15. Bd4 Nf6 16. Nd2 c5 17. Be5 Bb7 18. g4 Rd8 19. Rad1 Rd5
20. f4 Kf7 21. g5 Rd3 22. gxf6 exf6 23. Bb8 b4 24. Bxa7 bxc3 25. bxc3 Rxc3 26.
Ne4 f5 27. Nxc3 Bd4+ 28. Rxd4 cxd4 29. Bxd4 Kg6 30. Bc5 Kh5 31. a4 h6 32. a5
Kg6 33. Ra1 Bc6 34. a6 Kf7 35. a7 Kg6 36. a8=Q Bxa8 37. Rxa8 Kh5 38. Rg8 Kh4
39. Rg6 Kh5 1-0

[Event "Detroit (Beg/4/2)"]
[Site "?"]
[Date "1996.??.??"]
[Round "?"]
[White "Sobh, S."]
[Black "Knight, E."]
[Result "0-1"]
[WhiteElo "1605"]
[BlackElo "1605"]
[PlyCount "60"]
[EventDate "1996.??.??"]

{4/(2)} 1. d4 d5 2. Bf4 Nc6 3. e3 e5 4. Bg3 Bd6 5. Bb5 e4 6. Nc3 Nge7 7. Bh4
Be6 8. Qh5 O-O 9. Nge2 g6 10. Bxe7 Nxe7 11. Qh4 c6 12. Ba4 Qb6 13. b3 Nf5 14.
Qg5 f6 15. Qg4 Nxd4 16. Qh4 Nxc2+ 17. Kd2 Nxa1 18. Rxa1 Qc7 19. Nd4 Bd7 20. Rc1
Bb4 21. Ke2 Qa5 22. Kd2 b5 23. Qf4 bxa4 24. bxa4 Rab8 25. Nde2 Rb7 26. Kd1 Qa6
27. g3 Qd3+ 28. Ke1 g5 29. Rd1 Bxc3+ 30. Nxc3 Qxc3+ 0-1

[Event "Detroit (Beg/2/7)"]
[Site "?"]
[Date "1996.??.??"]
[Round "?"]
[White "Sobh, S."]
[Black "Crist, Kevin"]
[Result "1-0"]
[WhiteElo "1605"]
[BlackElo "1605"]
[PlyCount "93"]
[EventDate "1996.??.??"]

{2/(7)} 1. d4 d5 2. Nc3 e6 3. Bf4 Nf6 4. e3 Bb4 5. a3 Bxc3+ 6. bxc3 Ne4 7. Qd3
Bd7 8. Be2 a6 9. a4 Ng5 10. Nf3 Ne4 11. O-O O-O 12. Ne5 Re8 13. c4 Bc6 14. c5
Nd7 15. f3 Nxe5 16. Bxe5 Nf6 17. Bg3 Nh5 18. f4 Nxg3 19. hxg3 b5 20. Kf2 g6 21.
Rh1 Kg7 22. Rh3 bxa4 23. Rah1 Rh8 24. R1h2 Bd7 25. Qd1 e5 26. Rh6 exf4 27. gxf4
Qg8 28. Qb1 Bf5 29. Qb7 a3 30. Qxd5 Be6 31. Qe5+ Kf8 32. Qxc7 a2 33. Qa5 Kg7
34. c4 f5 35. Qxa2 a5 36. Qa1 Bxc4 37. d5+ Kf8 38. Bxc4 Ke8 39. Qe5+ Kd8 40. d6
Qe8 41. Qf6+ Kc8 42. d7+ Kxd7 43. Bb5+ Kc8 44. Bxe8 Rxe8 45. Qc6+ Kb8 46. Qxe8+
Kb7 47. Rxh7+ 1-0

[Event "Lansing (MOR/7/41)"]
[Site "?"]
[Date "1996.??.??"]
[Round "?"]
[White "Sobh, Raed"]
[Black "Tobias, B."]
[Result "1-0"]
[WhiteElo "1605"]
[BlackElo "1605"]
[PlyCount "43"]
[EventDate "1996.??.??"]

{7/(41)} 1. d4 d5 2. e3 Nf6 3. Nc3 Nc6 4. Nf3 e6 5. g3 g6 6. Bb5 Bd7 7. Ne5 a6
8. Bxc6 Bxc6 9. b4 h5 10. h4 Bd6 11. O-O Bxe5 12. dxe5 Ng4 13. f3 Nxe5 14. Bb2
b5 15. Ne2 O-O 16. Bxe5 f6 17. Bb2 Qd6 18. a3 e5 19. Qd2 f5 20. Qc3 Rae8 21.
Nf4 exf4 22. Qg7# 1-0

[Event "Detroit (Class DE/1/16)"]
[Site "?"]
[Date "1996.??.??"]
[Round "?"]
[White "Sobh, Raed"]
[Black "Threloff, N."]
[Result "0-1"]
[WhiteElo "1605"]
[BlackElo "1605"]
[PlyCount "68"]
[EventDate "1996.??.??"]

{1/(16)} 1. e4 c5 2. f3 Nc6 3. Nc3 g6 4. Bc4 Bg7 5. Nh3 d6 6. Ng5 Nf6 7. Nxf7
Qc7 8. Nxh8 Bxh8 9. b3 Bd7 10. g4 O-O-O 11. g5 Nh5 12. d3 Bxc3+ 13. Bd2 Bxa1
14. Qxa1 Nd4 15. Qd1 Rf8 16. Rf1 Bh3 17. Rf2 Nf4 18. Be3 Ng2+ 19. Rxg2 Bxg2 20.
c3 Nxf3+ 21. Kf2 Bh3 22. d4 Bg4 23. Kg3 Bh5 24. h3 Ne5 25. Be2 Bxe2 26. Qxe2
cxd4 27. Bxd4 Nd7 28. Qg4 Kb8 29. Bg7 Ne5 30. Qe6 Qxc3+ 31. Kg2 Qd2+ 32. Kg3
Qxg5+ 33. Kh2 Rf2+ 34. Kh1 Qg2# 0-1

[Event "Detroit (Class DE/5/17)"]
[Site "?"]
[Date "1996.??.??"]
[Round "?"]
[White "Sobh, Raed"]
[Black "Sturgis, Derreck"]
[Result "0-1"]
[WhiteElo "1605"]
[BlackElo "1605"]
[PlyCount "78"]
[EventDate "1996.??.??"]

{5/(17)} 1. e4 c5 2. d4 cxd4 3. Qxd4 Nc6 4. Qd1 Nf6 5. f3 e6 6. c4 d5 7. e5
Nxe5 8. f4 Nc6 9. Nf3 Ne4 10. Bd3 Bb4+ 11. Nbd2 Qb6 12. Qe2 Nd4 13. cxd5 Nxe2
14. Bxe2 Qf2+ 15. Kd1 Nxd2 16. Nxd2 Qxg2 17. Bf3 Qf2 18. Rf1 Qd4 19. a3 Bxd2
20. Bxd2 Qxb2 21. Rc1 Qxa3 22. Ke1 O-O 23. Rg1 Qxf3 24. Bc3 Qe3+ 25. Kd1 Qxg1+
26. Kd2 Qxh2+ 27. Kd1 Qh5+ 28. Kd2 Rd8 29. Kc2 Qxd5 30. Rd1 Qxd1+ 31. Kb2 a5
32. Ka3 b5 33. Bxa5 Rxa5+ 34. Kb4 Qa4+ 35. Kc5 Rd5+ 36. Kb6 Ra6+ 37. Kc7 Qc4+
38. Kb8 Rb6+ 39. Ka8 Qa4# 0-1

[Event "Ann Arbor (Ann Arbor Open, U1400/2)"]
[Site "?"]
[Date "1996.??.??"]
[Round "?"]
[White "Sobh, Raed"]
[Black "Sobh, S."]
[Result "0-1"]
[WhiteElo "1605"]
[BlackElo "1605"]
[PlyCount "30"]
[EventDate "1996.??.??"]

{1400/(2)} 1. d4 d5 2. e3 Bf5 3. Bd3 e6 4. Nf3 Nf6 5. Nbd2 Bb4 6. a3 Ba5 7. O-O
Nc6 8. Nb3 Qd6 9. Bb5 O-O 10. Bxc6 Bb6 11. Ne5 Rfd8 12. Bb5 h5 13. a4 a6 14.
Bd3 Ne4 15. Bd2 f6 0-1

[Event "Lansing (MOR/6/34)"]
[Site "?"]
[Date "1996.??.??"]
[Round "?"]
[White "Sobh, Raed"]
[Black "Rosebrook, G."]
[Result "0-1"]
[WhiteElo "1605"]
[BlackElo "1605"]
[PlyCount "62"]
[EventDate "1996.??.??"]

{6/(34)} 1. d4 Nf6 2. e3 d6 3. Bd3 g6 4. f4 Bg7 5. Nd2 O-O 6. Ngf3 Re8 7. b3
Nc6 8. Bb5 Bd7 9. Ba3 a6 10. Bxc6 Bxc6 11. Qe2 b5 12. O-O-O Nd5 13. Ne4 Rb8 14.
b4 Nxb4 15. Bxb4 Bxe4 16. d5 e6 17. dxe6 Rxe6 18. Ng5 Re8 19. Nxe4 Rxe4 20. Rd3
Rxb4 21. e4 Qf6 22. e5 Qxf4+ 23. Qe3 Qxe5 24. Qxe5 Bxe5 25. c3 Rc4 26. Kc2 b4
27. Rb1 a5 28. Kb3 Rxc3+ 29. Rxc3 bxc3+ 30. Kc2 Rxb1 31. Kxb1 d5 0-1

[Event "Lansing (MOR/1a/22)"]
[Site "?"]
[Date "1996.??.??"]
[Round "?"]
[White "Sobh, Raed"]
[Black "Khraizat, Ali"]
[Result "0-1"]
[WhiteElo "1605"]
[BlackElo "1605"]
[PlyCount "72"]
[EventDate "1996.??.??"]

1. d4 d5 2. e3 Bf5 3. Bd3 Bxd3 4. Qxd3 Nf6 5. h3 e6 6. Bd2 Nbd7 7. Nc3 a6 8.
O-O-O Bd6 9. f4 c5 10. Nf3 cxd4 11. exd4 Nh5 12. Ne2 Qc7 13. Qe3 Rc8 14. c3 b5
15. g4 Ng3 16. Nxg3 Bxf4 17. Qxf4 Qc4 18. Kc2 b4 19. Ng5 O-O 20. Rhf1 bxc3 21.
Bxc3 Nb6 22. Nh5 Na4 23. Rd3 Qxa2 24. Rb1 Nxc3 25. Rxc3 Rxc3+ 26. Kxc3 Qxb1 27.
Qd2 Rc8+ 28. Kb3 Rb8+ 29. Kc3 Rc8+ 30. Kb3 a5 31. Nf4 a4+ 32. Kb4 Rb8+ 33. Kc5
a3 34. bxa3 Rc8+ 35. Kd6 Qb8+ 36. Kd7 Qc7# 0-1

[Event "Lansing (MOR/3/46)"]
[Site "?"]
[Date "1996.??.??"]
[Round "?"]
[White "Sobh, Raed"]
[Black "Frantz, John W"]
[Result "0-1"]
[WhiteElo "1605"]
[BlackElo "1605"]
[PlyCount "58"]
[EventDate "1996.??.??"]

{3/(46)} 1. d4 Nf6 2. e3 e6 3. f4 b6 4. Bd3 Bb7 5. Nf3 c5 6. c3 Nc6 7. Nbd2 d5
8. Bb5 Bd6 9. Ne5 Qc7 10. b3 O-O 11. g4 Ne4 12. Nxe4 dxe4 13. O-O Ne7 14. Rf2
f6 15. Nc4 a6 16. Nxd6 Qxd6 17. Be2 Rad8 18. Ba3 Qc6 19. Qc2 Nd5 20. Qc1 f5 21.
c4 Nf6 22. g5 Nd7 23. Qd2 Rf7 24. h4 Nf8 25. h5 Rfd7 26. Bb2 cxd4 27. exd4 e5
28. Rd1 e3 29. Qxe3 Qh1# 0-1

[Event "Lansing (MOR/1a/16)"]
[Site "?"]
[Date "1996.??.??"]
[Round "?"]
[White "Sobh, Mohamed"]
[Black "Sellers, Matt"]
[Result "0-1"]
[WhiteElo "1605"]
[BlackElo "1605"]
[PlyCount "58"]
[EventDate "1996.??.??"]

1. e4 c6 2. d4 d5 3. e5 Bf5 4. Nc3 e6 5. a3 c5 6. dxc5 Bxc5 7. Bb5+ Nc6 8. Ba4
a6 9. b4 Ba7 10. b5 axb5 11. Bxb5 d4 12. Nce2 Qa5+ 13. c3 Qxb5 14. cxd4 Nge7
15. Nf3 O-O 16. O-O Rfd8 17. Bg5 Rd7 18. Nc3 Qa5 19. Bxe7 Nxe7 20. Rc1 Rad8 21.
Ne2 Nc6 22. Rc4 Nxe5 23. Nxe5 Qxe5 24. dxe5 Rxd1 25. Rc1 R1d2 26. Rfe1 h6 27.
Rc7 Rxe2 28. Rec1 Rxf2 29. Kh1 Be4 0-1

[Event "Lansing (MOR/5/46)"]
[Site "?"]
[Date "1996.??.??"]
[Round "?"]
[White "Sobh, Mohamed"]
[Black "Nikitin, Matt"]
[Result "1-0"]
[WhiteElo "1605"]
[BlackElo "1605"]
[PlyCount "129"]
[EventDate "1996.??.??"]

{5/(46)} 1. e4 e5 2. Nf3 d6 3. Nc3 Nf6 4. Bc4 h6 5. O-O Be7 6. d3 O-O 7. Re1
Nc6 8. Nh4 Nd4 9. Be3 Qd7 10. h3 Nxe4 11. dxe4 Bxh4 12. Bxd4 exd4 13. Qxd4 Qe7
14. Nd5 Qg5 15. Kf1 c6 16. Nc7 Rb8 17. Qxd6 Be6 18. Nxe6 fxe6 19. Bxe6+ Kh7 20.
g3 Qf6 21. Bf5+ g6 22. Bxg6+ Kxg6 23. Qxf6+ Bxf6 24. e5 Be7 25. f4 Bb4 26. c3
Bc5 27. Rad1 Rbd8 28. Rxd8 Rxd8 29. b4 Be7 30. a4 b5 31. a5 a6 32. Kf2 Rd3 33.
Rc1 c5 34. c4 cxb4 35. cxb5 axb5 36. Rc6+ Kh7 37. f5 b3 38. Rc1 b2 39. Rb1 Rb3
40. a6 Bc5+ 41. Ke2 b4 42. Kd2 Ra3 43. Rxb2 Rxa6 44. Rc2 b3 45. Rxc5 b2 46. Rb5
Ra2 47. Kc2 h5 48. Rxb2 Rxb2+ 49. Kxb2 Kh6 50. h4 Kg7 51. Kc3 Kf7 52. Kd4 Ke7
53. Kd5 Kf7 54. Kd6 Kg7 55. e6 Kf6 56. e7 Kxf5 57. e8=Q Kg4 58. Qe2+ Kxg3 59.
Qxh5 Kh3 60. Qg5 Kh2 61. Ke5 Kh3 62. h5 Kh2 63. h6 Kh3 64. h7 Kh2 65. h8=Q# 1-0

[Event "Lansing (MOR/3/50)"]
[Site "?"]
[Date "1996.??.??"]
[Round "?"]
[White "Sobh, Mohamed"]
[Black "McNair, P."]
[Result "1-0"]
[WhiteElo "1605"]
[BlackElo "1605"]
[PlyCount "65"]
[EventDate "1996.??.??"]

{3/(50)} 1. e4 e5 2. Nf3 Nc6 3. Bc4 h6 4. O-O Nf6 5. Nc3 Bc5 6. h3 O-O 7. d3 d6
8. Nh4 Qe7 9. Qf3 Nd4 10. Qd1 Be6 11. Bxe6 Qxe6 12. Na4 Qe7 13. c3 Nc6 14. Qb3
Kh7 15. Nf5 Qd8 16. Qxb7 Na5 17. Qb5 Rb8 18. Qxa5 g6 19. Nxh6 Nd7 20. Nxc5 Nxc5
21. d4 Nxe4 22. f3 Ng3 23. Re1 g5 24. Ng4 f6 25. dxe5 dxe5 26. Qxa7 Qd3 27.
Qxc7+ Kg6 28. Nxe5+ fxe5 29. Qxe5 Rbe8 30. Qxg5+ Kf7 31. Qxg3 Rg8 32. Qc7+ Kf8
33. Bh6+ 1-0

[Event "Detroit (Class DE/4/19)"]
[Site "?"]
[Date "1996.??.??"]
[Round "?"]
[White "Sobh, Mohamed"]
[Black "Lueer, Michael"]
[Result "1-0"]
[WhiteElo "1605"]
[BlackElo "1605"]
[PlyCount "41"]
[EventDate "1996.??.??"]

{4/(19)} 1. d4 g6 2. c4 Bg7 3. Nf3 c6 4. Bf4 d6 5. e3 Bg4 6. Qb3 b6 7. Ng5 Be6
8. d5 f6 9. Nxe6 Qc8 10. Nxg7+ Kf7 11. Ne6 cxd5 12. cxd5 Nd7 13. Nc3 Nc5 14.
Qd1 Nxe6 15. dxe6+ Qxe6 16. b3 Qd7 17. Qd5+ e6 18. Qxa8 Qe8 19. Qxa7+ Ne7 20.
Bxd6 Qc6 21. Qxe7+ 1-0

[Event "Detroit (Class DE/5/16)"]
[Site "?"]
[Date "1996.??.??"]
[Round "?"]
[White "Sobh, Mohamed"]
[Black "Jenkins, C."]
[Result "1-0"]
[WhiteElo "1605"]
[BlackElo "1605"]
[PlyCount "37"]
[EventDate "1996.??.??"]

{5/(16)} 1. d4 d5 2. c3 Nf6 3. Nf3 Nc6 4. e3 Bg4 5. Qa4 a6 6. Be2 e6 7. Ne5
Bxe2 8. Kxe2 Qd6 9. f4 Nd7 10. Qb3 Ncxe5 11. dxe5 Qc6 12. Ke1 d4 13. exd4 Qxg2
14. Rf1 Qe4+ 15. Kd1 Qd3+ 16. Ke1 Qb5 17. Qc2 a5 18. a4 Qc6 19. Nd2 {
[Remainder illegible; 1-0, 70?]} 1-0

[Event "Detroit (WCO/1/28)"]
[Site "?"]
[Date "1996.??.??"]
[Round "?"]
[White "Sobh, Mohamed"]
[Black "Gibson, M."]
[Result "1-0"]
[WhiteElo "1605"]
[BlackElo "1605"]
[PlyCount "69"]
[EventDate "1996.??.??"]

{1/(28)} 1. e4 e5 2. Nf3 Nf6 3. d3 d6 4. Bg5 h6 5. Bxf6 Qxf6 6. Nc3 Be6 7. Nb5
Qd8 8. d4 c6 9. Nc3 Be7 10. d5 Qa5 11. dxe6 fxe6 12. Bd3 d5 13. exd5 exd5 14.
Nxe5 d4 15. Qh5+ g6 16. Qxg6+ Kd8 17. Nf7+ Ke8 18. Nxh8+ Kd8 19. O-O dxc3 20.
b3 Nd7 21. Qg8+ Kc7 22. Qxa8 Bd6 23. Qg8 Qe5 24. g3 Nf6 25. Qg7+ Kb6 26. Rae1
Qd4 27. Nf7 Bb4 28. Nxh6 Qd6 29. Nf5 Qd8 30. Qf7 Qh8 31. Qc4 c5 32. Qb5+ Kc7
33. Re7+ Kd8 34. Qxb7 Ng4 35. Qd7# 1-0

[Event "Lansing (MOR/5/20)"]
[Site "?"]
[Date "1996.??.??"]
[Round "?"]
[White "Sobh, Hassan"]
[Black "Tobias, Philip"]
[Result "1-0"]
[WhiteElo "1780"]
[BlackElo "1605"]
[PlyCount "99"]
[EventDate "1996.??.??"]

{5/(20)} 1. e4 d5 2. d4 dxe4 3. f3 e3 4. Bxe3 Nf6 5. Bd3 e6 6. Ne2 Bd6 7. Bf4
Nc6 8. c3 Bd7 9. Nd2 Qe7 10. Qb3 O-O 11. O-O Bxf4 12. Nxf4 e5 13. Rae1 b6 14.
Bb1 g6 15. Nd3 Nh5 16. Nxe5 Nxe5 17. Rxe5 Be6 18. Qc2 Ng7 19. Rfe1 Qd7 20. Nf1
Bf5 21. Qd1 Bxb1 22. Qxb1 Rae8 23. Ng3 Rxe5 24. Rxe5 f6 25. Re2 h5 26. Qxg6 Re8
27. Rxe8+ Qxe8 28. Qxe8+ Nxe8 29. Nxh5 Kh7 30. Kf2 Kg6 31. Nf4+ Kf5 32. Nd5 Ke6
33. Ne3 Nd6 34. f4 Ne8 35. f5+ Kf7 36. Kf3 Ng7 37. g4 c6 38. Kf4 a6 39. h4 b5
40. d5 cxd5 41. Nxd5 Ne8 42. g5 fxg5+ 43. hxg5 a5 44. g6+ Kg7 45. Kg5 Nd6 46.
f6+ Kf8 47. a3 Ne4+ 48. Kh6 b4 49. cxb4 axb4 50. g7+ 1-0

[Event "Detroit (WCO/5/1)"]
[Site "?"]
[Date "1996.??.??"]
[Round "?"]
[White "Sobh, Hassan"]
[Black "Thompson, Dexter"]
[Result "0-1"]
[WhiteElo "1770"]
[BlackElo "2325"]
[PlyCount "72"]
[EventDate "1996.??.??"]

{5/(1)} 1. e4 e5 2. Nf3 Nc6 3. Bb5 a6 4. Ba4 Nf6 5. O-O b5 6. Bb3 Be7 7. Re1
O-O 8. c3 d5 9. exd5 e4 10. dxc6 exf3 11. Qxf3 Bg4 12. Qe3 Re8 13. d4 Bd6 14.
Qd2 Bf4 15. Re3 Qd6 16. h3 Bxe3 17. fxe3 Bf5 18. Qf2 Be6 19. Bc2 Qxc6 20. Nd2
Bd5 21. Nf3 Ne4 22. Qh4 f6 23. a4 b4 24. Bd2 b3 25. Bd3 Bc4 26. Bb1 g6 27. Bc1
Rab8 28. Nd2 Nxc3 29. bxc3 b2 30. Bxb2 Rxb2 31. Be4 Bd5 32. Bxd5+ Qxd5 33. e4
Qc6 34. Rd1 Qxc3 35. Qxf6 Rxd2 36. Rf1 Qxd4+ 0-1

[Event "Detroit (WCO/4/2)"]
[Site "?"]
[Date "1996.??.??"]
[Round "?"]
[White "Sobh, Hassan"]
[Black "Moody, David"]
[Result "1-0"]
[WhiteElo "1770"]
[BlackElo "2000"]
[PlyCount "53"]
[EventDate "1996.??.??"]

{4/(2)} 1. e4 e5 2. Nf3 Nc6 3. Bb5 a6 4. Ba4 Nf6 5. O-O Be7 6. Re1 b5 7. Bb3
O-O 8. c3 d5 9. exd5 Nxd5 10. Nxe5 Nxe5 11. Rxe5 c6 12. Bxd5 cxd5 13. d4 Bd6
14. Re1 Qh4 15. g3 Qh3 16. Qf3 Bg4 17. Qxd5 Rae8 18. Bd2 Re6 19. Be3 Rfe8 20.
Nd2 Kh8 21. Nf1 f5 22. Bf4 Re4 23. Rxe4 fxe4 24. Bxd6 Bf3 25. Ne3 h5 26. Qg5
Re6 27. Be5 1-0

[Event "Lansing (MOR/1a/1)"]
[Site "?"]
[Date "1996.??.??"]
[Round "?"]
[White "Sobh, Hassan"]
[Black "Gregg, Ted"]
[Result "1-0"]
[WhiteElo "1780"]
[BlackElo "1605"]
[PlyCount "85"]
[EventDate "1996.??.??"]

1. e4 e5 2. Nf3 Nc6 3. Bb5 a6 4. Ba4 Nf6 5. O-O Be7 6. Re1 b5 7. Bb3 O-O 8. c3
d5 9. exd5 Nxd5 10. Nxe5 Nxe5 11. Rxe5 c6 12. d4 Bd6 13. Re1 Qh4 14. g3 Qh3 15.
Bxd5 cxd5 16. Qf3 Bg4 17. Qxd5 Rae8 18. Rxe8 Rxe8 19. Be3 Be2 20. Nd2 Bb8 21.
Qc6 Qe6 22. Qxe6 Rxe6 23. Re1 Bc4 24. Nxc4 bxc4 25. Bd2 Rxe1+ 26. Bxe1 f5 27.
f4 Kf7 28. b3 cxb3 29. axb3 Ke6 30. Kf2 Bd6 31. Ke3 Ba3 32. Kd3 Kd6 33. c4 Kc6
34. Ba5 Be7 35. Bc3 g6 36. d5+ Kd7 37. b4 Kd6 38. Be5+ Kd7 39. c5 Bf8 40. Kc4
Be7 41. c6+ Kc8 42. d6 Bd8 43. d7# 1-0

[Event "Lansing (MOR/3/1)"]
[Site "?"]
[Date "1996.??.??"]
[Round "?"]
[White "Sobh, Hassan"]
[Black "Foord, Allan"]
[Result "0-1"]
[WhiteElo "1780"]
[BlackElo "1605"]
[PlyCount "100"]
[EventDate "1996.??.??"]

{3/(1)} 1. e4 c5 2. c3 Nc6 3. d4 e6 4. Nf3 Nf6 5. Bd3 d6 6. O-O Be7 7. Qe2 Qc7
8. Bf4 e5 9. Be3 Bg4 10. d5 Nd8 11. h3 Bh5 12. Nbd2 a6 13. a4 a5 14. Bb5+ Nd7
15. Qd3 O-O 16. Ng5 h6 17. Ngf3 Rc8 18. g4 Bg6 19. Nc4 Nf6 20. Nfd2 Nh7 21. Nb3
b6 22. Kg2 Bg5 23. Rad1 Nf6 24. f3 Rb8 25. Rh1 Qe7 26. Bxg5 hxg5 27. Qe3 Nh7
28. Rh2 f6 29. Rdh1 Nf7 30. Nbd2 Nh6 31. Nf1 Rb7 32. Ng3 Rbb8 33. h4 gxh4 34.
Rxh4 Ng5 35. Nf5 Bxf5 36. gxf5 Rfd8 37. Nd2 Kf7 38. Nf1 Rh8 39. Nh2 Nxf5 40.
exf5 Rxh4 41. Ng4 Rxh1 42. Kxh1 Rh8+ 43. Kg2 Rh3 44. Nh2 Qd8 45. Qe2 Qh8 46.
Kg1 Qh5 47. Bc6 Rxh2 48. Be8+ Kxe8 49. Qb5+ Kf8 50. Qxb6 Nxf3+ 0-1

[Event "Detroit (Class B/2/14)"]
[Site "?"]
[Date "1996.??.??"]
[Round "?"]
[White "Sobh, Hassan"]
[Black "Collins, Charles"]
[Result "1/2-1/2"]
[WhiteElo "1755"]
[BlackElo "1715"]
[PlyCount "69"]
[EventDate "1996.??.??"]

{2/(14)} 1. e4 Nf6 2. e5 Nd5 3. d4 d6 4. exd6 cxd6 5. c4 Nb6 6. Nc3 Nc6 7. h3
Bf5 8. a3 e6 9. Nf3 Be7 10. Bd3 Bf6 11. Be3 O-O 12. Rc1 Qe7 13. O-O Bxd3 14.
Qxd3 Rfd8 15. b4 d5 16. c5 Nc4 17. Nb1 b5 18. Rfe1 a5 19. g4 h6 20. Kg2 Rdb8
21. Bf4 Rb7 22. Ne5 N6xe5 23. dxe5 Bh4 24. Re2 Bg5 25. Qd4 axb4 26. Bxg5 hxg5
27. axb4 Ra4 28. Nc3 Rxb4 29. Ra2 Rc7 30. Ra8+ Kh7 31. f4 Rb2+ 32. Kh1 Qxc5 33.
Qd3+ g6 34. Nd1 Rd2 35. Qg3 {[Remainder illegible; 1/2-1/2, 40?]} 1/2-1/2

[Event "Ann Arbor (Ann Arbor Open, U2000/2)"]
[Site "?"]
[Date "1996.??.??"]
[Round "?"]
[White "Sobh, Hassan"]
[Black "Ashton, Jeff"]
[Result "0-1"]
[WhiteElo "1750"]
[BlackElo "1845"]
[PlyCount "39"]
[EventDate "1996.??.??"]

{2000/(2)} 1. e4 c5 2. c3 d5 3. exd5 Qxd5 4. d4 Nf6 5. Nf3 cxd4 6. cxd4 e6 7.
Nc3 Bb4 8. Bd2 Bxc3 9. Bxc3 O-O 10. Be2 Nc6 11. O-O Ne4 12. Re1 b6 13. Bd3 Nf6
14. Ne5 Bb7 15. Ng4 Nxg4 16. Qxg4 f5 17. Qh3 Rf6 18. Qf3 Qxf3 19. gxf3 Rd8 20.
Bc4 {[Remainder illegible]} 0-1

[Event "Detroit (WCO/3/18)"]
[Site "?"]
[Date "1996.??.??"]
[Round "?"]
[White "Sobh, Alex"]
[Black "Parker, D."]
[Result "1-0"]
[WhiteElo "1605"]
[BlackElo "1605"]
[PlyCount "83"]
[EventDate "1996.??.??"]

{3/(18)} 1. e4 e6 2. g3 b6 3. Bg2 Bb7 4. d4 d5 5. Qe2 c5 6. Be3 dxe4 7. dxc5
Bxc5 8. Bxc5 bxc5 9. Bxe4 Bxe4 10. Qxe4 Qd5 11. Qa4+ Nc6 12. f3 Nge7 13. Nd2
O-O 14. O-O-O Rab8 15. Nc4 Qg5+ 16. f4 Qf6 17. Rd7 Rfe8 18. Kb1 a5 19. c3 Rec8
20. Nf3 Nd5 21. Qc2 Nxc3+ 22. Ka1 Nd5 23. Ng5 g6 24. Rxf7 Qd4 25. Re1 Rc7 26.
Nxe6 Ncb4 27. Qe2 Re8 28. Rf8+ Rxf8 29. Nxd4 cxd4 30. a3 Re7 31. Ne5 Rc8 32.
axb4 axb4 33. Qb5 Ne3 34. Kb1 Kf8 35. Qxb4 Nc2 36. Nxg6+ hxg6 37. Qxe7+ Kg8 38.
Rc1 Na3+ 39. Qxa3 Rd8 40. Qe7 Rf8 41. Rc7 Re8 42. Qg7# 1-0

[Event "Detroit (WCO/1/29)"]
[Site "?"]
[Date "1996.??.??"]
[Round "?"]
[White "Sobh, Alex"]
[Black "Grant, Marco"]
[Result "1-0"]
[WhiteElo "1605"]
[BlackElo "1605"]
[PlyCount "51"]
[EventDate "1996.??.??"]

{1/(29)} 1. e3 e5 2. d4 e4 3. Nc3 d5 4. Nge2 Nf6 5. Nf4 c6 6. b3 Bd6 7. g3 O-O
8. Bb2 a5 9. a3 b5 10. Be2 Re8 11. h4 Bd7 12. Na2 Qc8 13. Qd2 Bxf4 14. gxf4 Bg4
15. O-O-O Bxe2 16. Qxe2 Nbd7 17. Rdg1 Qc7 18. h5 Rab8 19. Rg3 c5 20. dxc5 Nxc5
21. Bxf6 g6 22. Kb2 Qc6 23. Bd4 Ne6 24. hxg6 fxg6 25. Qh5 Re7 26. Qe5 1-0